000 00250nam a22001097a 4500
003 SGT
082 _a346,BAR
100 _aBARE,ACT
245 _aDISSOLUTION OF MUSLIM MARRIAGES ACT,1939
260 _aNEW DELHI
_bEASTERN BOOK
_c2015
942 _2ddc
_cBK
_01
999 _c11610
_d11610